Counter Image or Parallel?
| Titel: | Counter Image or Parallel? : The Metaphor of Italy-Ukraine in the Work of Włodzimierz Odojewski and Jarosław Iwaszkiewicz / Grzegorz Czerwiński |
|---|---|
| Verfasser: | |
| In: |
Zeitschrift für slavische Philologie, Band 70, Heft 1 (2014), Seite 39-55 alle Artikel anzeigen |
| Veröffentlicht: | 2014 |
| Format: | Aufsatz |
| Sprache: | Englisch |
X
alg: 42653052 001A $03025:19-02-18 001B $06050:24-06-21 $t10:06:10.000 001C $03025:19-02-18 $t16:00:19.000 001D $03025:19-02-18 001U $0utf8 001X $00 002@ $0Oou 002C $aText $btxt $2rdacontent 002D $aComputermedien $bc $2rdamedia 002E $aOnline-Ressource $bcr $2rdacarrier 003@ $0426530527 007A $0426530527 $aHEB 009Q $uhttp://www.jstor.org/stable/43974234 $xH 010@ $aeng 010E $erda 011@ $a2014 021A $aCounter Image or Parallel? $dThe Metaphor of Italy-Ukraine in the Work of Włodzimierz Odojewski and Jarosław Iwaszkiewicz $hGrzegorz Czerwiński 028A $BVerfasser $4aut $71113681500 $8Czerwiński, Grzegorz$Z1978- [Tp3] $9386947600 031A $d70 $e1 $h39-55 $j2014 039B $aEnthalten in $8--Obvc--. Zeitschrift für slavische Philologie. - Heidelberg : Winter, 1925-. - Online-Ressource. - ISSN 2509-7482 $x201400000700001961 $9359201768 044K $#Odojewski, Włodzmierz $#Odojewski, W. $#Jasiński-Odojewski, Włodzmierz Jan $#Odojewski, Włodzmierz Jan Jasiński- $7119544946 $8Odojewski, Włodzimierz$Z1930-2016 [Tp1] $9087884518 044K $#Iwaszkiewicz, Jarosław $#Iwaszkiewicz, Jaroslaw $#Iwaszkiewicz, J. $#Iwaszkiewicz $#Eleuter $#Jwaszkiewicz, Jaroslaw $#Iwaszkiewicz, Leon J. $#Iwaškewiṭš, Jaroslaw $#Elęuter $#Ivaškevič, Jaroslav $7118925067 $8Iwaszkiewicz, Jarosław$Z1894-1980 [Tp1] $9087265443 044K $RKönigreich Sardinien $RRepublik von Salò $#Italy $#Italien $#Italien $#Italia $#Königreich Italien $#Repubblica Italiana $#Italiya Respublikasi $#Italijos Respublika $#Olaszorszaǵ $#Olasz Koz͏̈taŕsasaǵ $#Regno d'Italia 1861- $#Italienische Republik $#République Italienne $#Yidali-gongheguo $#Italy $74027833-5 $8Italien [Tgz] $9085071234 044K $RUkrainische SSR $#Ukraine $#Ukraine $#Украïна $#Ukrainische SSR $#Ukrajina $#Ukraina $#Ukrai͏̈na Ukraine $#Ukraina Ukraine $#Ukrajna $74061496-7 $8Ukraine [Tgz] $9085170801 044K $RBuch $RSchriftsteller $#Literature $#Littérature $#Letteratura $#Literatura $#literature $#Literature $#Literatur $#Literatur $#Belletristik $#Dichtung Literatur $#Schöne Literatur $#Sprachkunst $#Wortkunst $74035964-5 $8Literatur [Tsz] $9085097128 044K $RLechisch $#Polnische Sprache $74120314-8 $8Polnisch [Tsz] $9085383503 045T $aSLAW $qDE-1a $2FID lok: 42653052 78 exp: 42653052 78 1 #EPN 201B/01 $019-02-18 $t15:57:46.000 201C/01 $019-02-18 201U/01 $0utf8 203@/01 $01018300635 208@/01 $a19-02-18 $be 209A/01 $a/ $f000 $x00 209A/01 $ab*p $x01 220C/01 $apgar 244Z/01 $#Generalgouvernement Polen $#Polska $#Rzeczpospolita Polska $#Polska Rzeczpospolita Ludowa $#Poland $#Pologne $#République Polonaise $#Generalne Gubernatorstwo w Polsce $#Polish People's Republic $#Polska Rzeczpospolita Polen $#PRL $#RP $#Polen Generalgouvernement $#Polska Generalgouvernement $#Besetzte Polnische Gebiete $#Besetztes Gebiet in Polen $#Okupowane Polskie Obszary $#Obszary Okupowane w Polsce $#Volksrepublik Polen $#Polska Rosyjska $#Republic Polen $#Respublika Pol'ša $#Pol'skaja Narodnaja Respublika $#République de Pologne $#Polen Links der Weichsel $#Polska po Lewej Stronie Wisły $#Lenkija $#Polija $#Gubernija Carstva Pol'skago $#Republik Polen $74046496-9 $8--Tg1--Polen $x01 $9085129801 247C/01 $82080>Marburg/Lahn, Herder-Institut, Forschungsbibliothek, Bibliographieportal $9336309341
| LEADER | 00000caa a2200000 c 4500 | ||
|---|---|---|---|
| 001 | 426530527 | ||
| 003 | DE-603 | ||
| 005 | 20210624100610.0 | ||
| 007 | cr|||||||||||| | ||
| 008 | 180219s2014 xx |||| o| u00||u|eng c | ||
| 035 | |a (DE-599)HEB426530527 | ||
| 040 | |a DE-603 |b ger |c DE-603 |d DE-603 |e rda | ||
| 041 | |a eng | ||
| 084 | |a SLAW |q DE-1a |2 fid | ||
| 100 | 1 | |a Czerwiński, Grzegorz |d 1978- |e Verfasser |4 aut |0 (DE-603)386947600 |0 (DE-588)1113681500 |2 gnd | |
| 245 | 0 | 0 | |a Counter Image or Parallel? |b The Metaphor of Italy-Ukraine in the Work of Włodzimierz Odojewski and Jarosław Iwaszkiewicz |c Grzegorz Czerwiński |
| 264 | 0 | |c 2014 | |
| 336 | |a Text |b txt |2 rdacontent | ||
| 337 | |a Computermedien |b c |2 rdamedia | ||
| 338 | |a Online-Ressource |b cr |2 rdacarrier | ||
| 600 | 1 | 7 | |a Odojewski, Włodzimierz |d 1930-2016 |0 (DE-588)119544946 |0 (DE-603)087884518 |2 gnd |
| 600 | 1 | 7 | |a Iwaszkiewicz, Jarosław |d 1894-1980 |0 (DE-588)118925067 |0 (DE-603)087265443 |2 gnd |
| 650 | 7 | |a Literatur |0 (DE-588)4035964-5 |0 (DE-603)085097128 |2 gnd | |
| 650 | 7 | |a Polnisch |0 (DE-588)4120314-8 |0 (DE-603)085383503 |2 gnd | |
| 651 | 7 | |a Italien |0 (DE-588)4027833-5 |0 (DE-603)085071234 |2 gnd | |
| 651 | 7 | |a Ukraine |0 (DE-588)4061496-7 |0 (DE-603)085170801 |2 gnd | |
| 773 | 0 | 8 | |i Enthalten in |t Zeitschrift für slavische Philologie |d Heidelberg : Winter, 1925- |h Online-Ressource |x 2509-7482 |g Band 70, Heft 1 (2014), Seite 39-55 |w (DE-603)359201768 |w (DE-600)2821808-5 |
| 856 | |u http://www.jstor.org/stable/43974234 |x Verlag | ||
| 924 | 1 | |9 2080 |a (DE-603)1018300635 |b DE-2080 |c HES |d d |g / | |


